ملت ا سلا ميہ کی مختصر تا ر يخ حصہ چہا ر م (Record no. 180914)
[ view plain ]
| 000 -LEADER | |
|---|---|
| fixed length control field | 00707nam a22001937a 4500 |
| 005 - DATE AND TIME OF LATEST TRANSACTION | |
| control field | 20210823161741.0 |
| 010 ## - LCCN (DPL NO) | |
| LC control number | UR-11204 |
| 020 ## - INTERNATIONAL STANDARD BOOK NUMBER | |
| Terms of availability | 210.00 |
| International Standard Book Number | - |
| 035 ## - SYSTEM CONTROL NUMBER | |
| System control number | U-9759 |
| 037 ## - SOURCE OF ACQUISITION | |
| Source of stock number/acquisition | DBAD/PUB |
| 082 ## - DEWEY DECIMAL CLASSIFICATION NUMBER | |
| Classification number | 270.54 |
| 100 ## - MAIN ENTRY--PERSONAL NAME | |
| Personal name | ثر و ت صو لت |
| 245 ## - TITLE STATEMENT | |
| Title | ملت ا سلا ميہ کی مختصر تا ر يخ حصہ چہا ر م |
| Statement of responsibility, etc | ثر و ت صو لت |
| 246 ## - VARYING FORM OF TITLE | |
| Title proper/short title | Millat-e-Islamia Ki Mukhtasar Tareekh Part-4 (Urdu) |
| Remainder of title | by Sarwat Saulat |
| 260 ## - PUBLICATION, DISTRIBUTION, ETC. (IMPRINT) | |
| Place of publication, distribution, etc | N Delhi |
| Date of publication, distribution, etc | 2014 ء |
| Name of publisher, distributor, etc | Markazi Maktaba Islami Publishers |
| 270 ## - ADDRESS | |
| Address | D-307,Dawat Nagar,Abulfazal Enclave,Jamia Nagar |
| City | N.Delhi |
| Postal code | 110025 |
| Fax number | 26971652 |
| 300 ## - PHYSICAL DESCRIPTION | |
| Extent | 410 ص |
| Dimensions | 22 Cm(Hb) |
| 942 ## - ADDED ENTRY ELEMENTS (KOHA) | |
| Source of classification or shelving scheme | Dewey Decimal Classification |
| Item type | Urdu Bks |
| Classification part | 270.54 |
| Call number suffix | ث ر و |
| Withdrawn status | Lost status | Not for loan | Collection code | Home library | Current library | Date acquired | Source of acquisition | Cost, normal purchase price | Full call number | Barcode | Copy number | Cost, replacement price | Koha item type |
|---|---|---|---|---|---|---|---|---|---|---|---|---|---|
| Non-fiction | Central Library | Central Library | 23/08/2021 | DBAD/PUB | 220.00 | 270.54 ث ر و | U-9759 | 1 | 220.00 | Urdu Bks |
